000
00303nam a22001217a 4500
020
_a
978-81-7655-466-4
082
_a
823
_b
BAL/L
100
_a
BALKARAN, KUNTIE RAMDAT
245
_a
LITTLE MONKEY GETS LOST
260
_a
NEW YORK
_b
SCHOLASTIC
650
_a
CHILDREN'S STORY BOOK
_z
UNITED STATES
942
_c
BK
999
_c
5668
_d
5668